Türk Kurtuluş Savaşı ve dış politika: Büyük Millet Meclisi'nin açılışından Lozan Antlaşmasına kadar/ (Record no. 8415)
| 000 -BAŞLIK | |
|---|---|
| Sabit Uzunluktaki Kontrol Alanı | 01412nam a22003857a 4500 |
| 001 - KONTROL NUMARASI | |
| Control Dosyası | 0008443 |
| 003 - KONTROL NUMARASI KİMLİĞİ | |
| Kontrol Alanı | KOHA_MİRAKIL |
| 005 - EN SON İŞLEM TARİHİ ve ZAMANI | |
| Kontrol Alanı | 20260207001634.0 |
| 007 - FİZİKSEL TANIM SABİT ALAN - GENEL BİLGİ | |
| Sabit uzunluklu kontrol alanı | ta |
| 008 - SABİT UZUNLUKTAKİ VERİ ÖGELERİ - GENEL BİLGİ | |
| Sabit Alan | 091009b2003 tu |||gr||||#0|||0|tur | |
| 020 ## - ISBN - ULUSLARARASI STANDART KİTAP NUMARASI | |
| Isbn | 9751603692 |
| Nitelik bilgileri | Tk. 9751607515 |
| -- | c.1 |
| -- | 9751603706 |
| -- | c.2 |
| Kullanılabilirlik koşulları | TL12 |
| 040 ## - KATALOGLAMA KAYNAĞI | |
| Özgün Kataloglama Kurumu | TR-BiSEU |
| Kataloglama Dili | tur |
| Çeviri Kurumu | TR-BiSEU |
| Açıklama Kuralları | rda |
| 041 0# - DİL KODU | |
| Metin ya da ses kaydının dil kodu | tur |
| 044 ## - YAYINLAYAN/ÜRETEN KURULUŞUN ÜLKE KODU | |
| ISO country code | tu |
| 050 ## - SINIFLAMA ve YER NUMARASI | |
| Sınıflama Numarası | DR589 |
| Yer Numarası | .S66 1995 |
| 100 1# - KİŞİ ADI | |
| Yazar Adı (Kişi adı) | Sonyel, Salahi R.. |
| 245 1# - ESER ADI BİLDİRİMİ | |
| Başlık | Türk Kurtuluş Savaşı ve dış politika: Büyük Millet Meclisi'nin açılışından Lozan Antlaşmasına kadar/ |
| Sorumluluk Bildirimi | Salahi R. Sonyel ; Salahi R. Sonyel. |
| 264 #1 - ÜRERİM, YAYIN, DAĞITIM ve TELİF BİLDİRİMİ | |
| Yayın yeri | Ankara : |
| Yayınlayan | Türk Tarih Kurumu |
| Yayın tarihi | 2003 |
| 300 ## - FİZİKSEL TANIMLAMA | |
| Sayfa, Cilt vb. | 2.c. , XVII, 399 sayfa; 23 cm. |
| 336 ## - İÇERİK TÜRÜ | |
| Content type term | metin |
| Content type code | txt |
| Source | rdacontent |
| 337 ## - MEDYA TÜRÜ | |
| Media type term | aracısız |
| Media type code | n |
| Source | rdamedia |
| 338 ## - TAŞIYICI TÜRÜ | |
| Carrier type term | cilt |
| Carrier type code | nc |
| Source | rdacarrier |
| 490 1# - DİZİ BİLDİRİMİ | |
| Dizi Bildirimi | Atatürk Kültür, Dil ve Tarih Yüksek Kurumu. |
| 490 1# - DİZİ BİLDİRİMİ | |
| Dizi Bildirimi | Türk Tarih Kurumu yayınları ; |
| Cilt Numarası | XVI.Dizi-Sa. |
| 490 1# - DİZİ BİLDİRİMİ | |
| Dizi Bildirimi | 19-a2 |
| 500 ## - GENEL NOT | |
| Genel Not | Kaynakça ve dizin var. |
| 500 ## - GENEL NOT | |
| Genel Not | Eser ingilizce belge resimleri içermektedir. |
| 650 #0 - KONU BAŞLIĞI EK GİRİŞ - KONU TERİMİ | |
| Konusal terim veya coğrafi ad | Turkey--History--Revolution-- 20. century. |
| 9 (RLIN) | 21024 |
| 650 #0 - KONU BAŞLIĞI EK GİRİŞ - KONU TERİMİ | |
| Konusal terim veya coğrafi ad | Türkiye--Tarih--Kurtuluş Savaşı-- 20. yy. |
| 9 (RLIN) | 21025 |
| 830 1# - SERİ EK GİRİŞİ - TEKBİÇİM ESER ADI | |
| Tekbiçim Başlık | Atatürk Kültür, Dil ve Tarih Yüksek Kurumu. |
| 9 (RLIN) | 6683 |
| 830 1# - SERİ EK GİRİŞİ - TEKBİÇİM ESER ADI | |
| Tekbiçim Başlık | Türk Tarih Kurumu yayınları ; |
| Volume number/sequential designation | XVI.Dizi-Sa. |
| 9 (RLIN) | 6704 |
| 830 1# - SERİ EK GİRİŞİ - TEKBİÇİM ESER ADI | |
| Tekbiçim Başlık | 19-a2 |
| 9 (RLIN) | 21026 |
| 907 ## - LOCAL DATA ELEMENT G, LDG (RLIN) | |
| a | Tarih |
| 942 ## - EK GİRİŞ ÖGELERİ (KOHA) | |
| Source of classification or shelving scheme | Library of Congress Classification |
| Koha item type | Book |
| Materyal Türü | Kalıcı Konum | Mevcut Konum | Raf Yeri | Sınıflandırma Kaynağı | Edinim Bilgisi | Ana Konular | Alt Konular | Yer Numarası | Cilt Bilgisi | Demirbaş Numarası | Fatura Tarihi | Maliyet, Alış Fiyatı | Maliyet, Yenileme Fiyatı | Geri Çekilme Durumu | Kayıp Durumu | Hasarlı Durumu | Kredi için değil | Kayıt Tarih | Toplam Ödünçverme | Son Görülme Tarihi | Son Kontrol Tarihi | Satın Alma Notu |
|---|---|---|---|---|---|---|---|---|---|---|---|---|---|---|---|---|---|---|---|---|---|---|
| Book | Prof. Dr. Azmi Özcan Kütüphanesi | Prof. Dr. Azmi Özcan Kütüphanesi | Uluğbey Salonu | Library of Congress Classification | Satın | DÜNYA TARİHİ (AVRUPA, ASYA, AFRİKA VB.) | Balkan Yarımadası | DR589 .S66 1995 | c.II | 0008443 | 09/09/2009 | 12.00 | 12.00 | 09/10/2009 | 1 | 05/12/2024 | 05/12/2024 | 283 |
